00623cam a2200181 a 450000100100000000500170001000800410002704000290006808200200009710000420011724500870015926000310024630000210027750000700029865000180036865000220038670000330040800001806020200929165334.0750721s1972 sp 000 0 spa d aDO-SdBNPbspacLCdBNPHU aCu863.42bB116h1 aBacardí Moreau, Emilio,d1844-1922.10aHacia tierras viejas /cEmilio Bacardí Moreau ; edición Amalia Bacardí Cape. aMadrid :b[Playor],c1972. a144 p. ;c21 cm. a"Obras completas de E. B. M. reeditadas por Amalia Bacardi Cape". 4aNovela cubana 4aLiteratura cubana1 aBacardí Cape, Amalia,eed.